<?xml version="1.0" encoding="UTF-8"?>
<record
    xmlns:xsi="http://www.w3.org/2001/XMLSchema-instance"
    xsi:schemaLocation="http://www.loc.gov/MARC21/slim http://www.loc.gov/standards/marcxml/schema/MARC21slim.xsd"
    xmlns="http://www.loc.gov/MARC21/slim">

  <leader>00406nam a2200145Ia 4500</leader>
  <controlfield tag="008">230917s9999||||xx |||||||||||||| ||und||</controlfield>
  <datafield tag="040" ind1=" " ind2=" ">
    <subfield code="e">167359</subfield>
    <subfield code="a">MAIN</subfield>
  </datafield>
  <datafield tag="041" ind1=" " ind2=" ">
    <subfield code="a">English</subfield>
  </datafield>
  <datafield tag="082" ind1=" " ind2=" ">
    <subfield code="a">891.433711 VI816N</subfield>
  </datafield>
  <datafield tag="100" ind1=" " ind2=" ">
    <subfield code="a">&#x935;&#x93F;&#x930;&#x93E;&#x91C;</subfield>
  </datafield>
  <datafield tag="245" ind1=" " ind2="0">
    <subfield code="a">&#x928;&#x947;&#x92A;&#x93E;&#x932;&#x947;&#x936;&#x94D;&#x935;&#x930;</subfield>
  </datafield>
  <datafield tag="260" ind1=" " ind2=" ">
    <subfield code="a">&#x907;&#x932;&#x93E;&#x939;&#x93E;&#x92C;&#x93E;&#x926;</subfield>
    <subfield code="b">&#x938;&#x93E;&#x939;&#x93F;&#x924;&#x94D;&#x92F; &#x92D;&#x935;&#x928;</subfield>
    <subfield code="c">1973</subfield>
  </datafield>
  <datafield tag="300" ind1=" " ind2=" ">
    <subfield code="a">344 &#x92A;&#x943;. p.</subfield>
  </datafield>
  <datafield tag="942" ind1=" " ind2=" ">
    <subfield code="c">HN</subfield>
  </datafield>
  <datafield tag="952" ind1=" " ind2=" ">
    <subfield code="0">0</subfield>
    <subfield code="1">0</subfield>
    <subfield code="4">0</subfield>
    <subfield code="6">891_433711000000000_VI816N</subfield>
    <subfield code="7">0</subfield>
    <subfield code="9">318891</subfield>
    <subfield code="a">MAIN</subfield>
    <subfield code="b">MAIN</subfield>
    <subfield code="d">2010-11-12</subfield>
    <subfield code="l">0</subfield>
    <subfield code="o">891.433711 VI816N</subfield>
    <subfield code="p">45960</subfield>
    <subfield code="r">2023-09-17 21:56:40</subfield>
    <subfield code="w">2023-09-17</subfield>
    <subfield code="y">HN</subfield>
  </datafield>
  <datafield tag="999" ind1=" " ind2=" ">
    <subfield code="c">189357</subfield>
    <subfield code="d">189357</subfield>
  </datafield>
</record>
